The impact of science on society.

Bibliographic Details
Main Author: Russell, Bertrand, 1872-1970
Format: Book
Language:English
Published: New York : Columbia University Press, 1951.
Series:Matchette Foundation lectures ; no. 3.
Subjects:

MARC

Tag First Indicator Second Indicator Subfields
LEADER 00000cam a2200000 4500
001 in00000048140
005 20151007065546.0
008 751118s1951 nyu 00010 engm
010 |a  51009936  
035 |a (OCoLC)01841031 
035 |9 AAE2235AM 
040 |a DLC  |c UVC  |d UVC  |d TXA  |d UtOrBLW 
049 |a TXAM  |c 1 [193846]  |c 2 [215290] 
050 0 0 |a Q175  |b .R86 
082 0 |a 504 
092 |a 504  |b R961i 
100 1 |a Russell, Bertrand,  |d 1872-1970. 
245 1 4 |a The impact of science on society. 
264 1 |a New York :  |b Columbia University Press,  |c 1951. 
300 |a 64 pages ;  |c 22 cm. 
336 |a text  |b txt  |2 rdacontent 
337 |a unmediated  |b n  |2 rdamedia 
338 |a volume  |b nc  |2 rdacarrier 
490 1 |a Matchette Foundation lectures,  |v no. 3 
650 0 |a Science  |x Philosophy. 
830 0 |a Matchette Foundation lectures ;  |v no. 3. 
999 |a MARS 
999 f f |s 071c7314-83a3-3c85-becf-9f2864a3f46c  |i 59488140-39d4-39c8-aeae-fc3d38e2c28c  |t 0 
952 f f |p ric  |a Texas A&M University  |b Rellis Campus  |c Joint Library Facility  |s JLF  |d Remote Storage  |t 0  |e Q175 .R86  |h Library of Congress classification  |i unmediated -- volume  |m A14800893117 
998 f f |a Q175 .R86  |t 0  |l Remote Storage